000 00859nam a2200217 i 4500
001 182929
003 ES-MaACL
005 20250930063156.0
008 131217s1765 fr f |||| | fre d
100 1 _aNollet, Jean-Antoine,
_d1700-1770
_9154017
245 1 2 _aL'art de faire des chapeaux /
_cpar M. l'Abbé Nollet.
260 _a[Paris :
_bs.n.],
_c1765.
300 _a94 p., 6 lám. ;
_c44 cm.
490 1 _aDescriptions des arts et métiers faites ou approuvées par Messieurs de l'Académie Royale des Sciences
530 _aDisponible en formato digital.
650 4 _aSombreros-
_vObras anteriores a 1800.
_9154018
830 0 0 _aDescriptions des arts et métiers
_9241750
852 _aES-MaACL
_jR-61(2)
_xOlim: C-10827-70
856 _uhttp://gallica.bnf.fr/ark:/12148/bpt6k10666549?rk=21459;2
_zBNF-Gallica
999 _c182929
_d182929